Made in Ancient Egypt : The Stories behind the artifacts /

Saved in:

Main Author: Strudwick, Helen, author

Other Authors: Clarke, Thomas, Author

Format: Book

Language: English

Published: Cairo : The American University in Cairo Press, 2025.

Subjects:

Tags: Add Tag

No Tags, Be the first to tag this record!

Call Number: N5350 .S78 2025

LEADER 01013nam a22002417a 4500
003 OSt
005 20260601094738.0
008 260324s2025 ua ao 000 0 eng d
020 |a 9781649035318 
040 |c ARCE Library 
050 4 |a N5350 .S78 2025 
100 0 |a Strudwick, Helen,   |d author 
245 1 0 |a Made in Ancient Egypt :  |b The Stories behind the artifacts /   |c Helen Strudwick with Thomas Clarke. 
264 1 |a Cairo :   |b The American University in Cairo Press,   |c 2025. 
300 |a 184 pages :   |b illustrations, Photographs ;   |c 26 cm. 
500 |a "First published in 2025 to accompany the exhibition 'Made in ancient Egypt' at the Fitzwilliam Museum, University of Cambridge, 3 October 2025 - 12th April 2026" -- title page verso. 
500 |a This edition published by arrangement with Paul Holberton Publishing. 
650 0 |a Art, Egyptian  |v Exhibitions. 
651 0 |a Egypt   |x Antiquities   |v Exhibitions. 
700 0 |a Clarke, Thomas,  |d Author 
901 |a reviewed 
942 |2 lcc  |c BK 
999 |c 61926  |d 61926